000 00533nam a2200169Ia 4500
999 _c21541
_d21541
003 OSt
005 20200610102542.0
008 190216s9999||||xx |||||||||||||| ||und||
020 _a9780195673005
040 _coclc
082 _a380.10934
_bCHA/T
100 _aChakravarti, Ranabir
_92724
245 0 _aThemes In Indian History Trade In Early India /
_cRanabir Chakravarti
260 _bOxford University Press,
_c2011.
_aNew Delhi:
300 _a486p
942 _cBK
_2ddc
_h380.10934
_iCHA/T
_k380.10934
_mCHA/T